| 000 | 00335nam a2200133Ia 4500 | ||
|---|---|---|---|
| 005 | 20251222141844.0 | ||
| 008 | 251222s9999||||xx |||||||||||||| ||spa|| | ||
| 020 | _a9972-880-27-9 | ||
| 082 | _a390.088/M58 | ||
| 100 | _aMillones, Renata y Luis | ||
| 245 | 0 | _aCalendario Tradicional Peruano | |
| 264 | _bCongreso del PerĂº | ||
| 942 | _cLIB | ||
| 999 |
_c7505 _d7505 |
||